100 Things to Know About the Unknown / (Record no. 48243)
| 000 -LEADER | |
|---|---|
| fixed length control field | 00423nam a2200121 4500 |
| 020 ## - INTERNATIONAL STANDARD BOOK NUMBER | |
| International Standard Book Number | 9781803705286 |
| 100 ## - MAIN ENTRY--PERSONAL NAME | |
| Personal name | Martin, Jerome, |
| Relator term | author. |
| 9 (RLIN) | 73341 |
| 245 ## - TITLE STATEMENT | |
| Title | 100 Things to Know About the Unknown / |
| Statement of responsibility, etc | written by Jerome Martin, illustrated by Federico Mariani. |
| 260 ## - PUBLICATION, DISTRIBUTION, ETC. (IMPRINT) | |
| Place of publication, distribution, etc | London, England : |
| Name of publisher, distributor, etc | Usborne ; |
| Date of publication, distribution, etc | 2023. |
| 300 ## - PHYSICAL DESCRIPTION | |
| Extent | 128 pages. |
| Dimensions | 6.93 x 0.63 x 9.53 inches. |
| 490 ## - SERIES STATEMENT | |
| Series statement | 100 things to know about |
| 942 ## - ADDED ENTRY ELEMENTS (KOHA) | |
| Source of classification or shelving scheme | |
| Koha item type | Book |
| Withdrawn status | Lost status | Source of classification or shelving scheme | Damaged status | Not for loan | Home library | Current library | Date acquired | Total Checkouts | Full call number | Barcode | Checked out | Date last seen | Date checked out | Price effective from | Koha item type |
|---|---|---|---|---|---|---|---|---|---|---|---|---|---|---|---|
| Logos International School | Logos International School | 01/28/2025 | 9 | J 000 MAR | 040298 | 05/01/2026 | 04/23/2026 | 04/23/2026 | 01/28/2025 | Book |